[Event "HUN-chT2 Asztalos 1819"]
[Site "Hungary"]
[Date "2019.04.28"]
[Round "9.6"]
[White "Thurmer, Jeno"]
[Black "Szijarto, Attila"]
[Result "1/2-1/2"]
[WhiteElo "1983"]
[BlackElo "1956"]
[PlyCount "27"]
[EventDate "2018.10.28"]
[EventType "team-tourn"]
[EventRounds "9"]
[EventCountry "HUN"]
[SourceTitle "EXT 2021"]
[Source "ChessBase"]
[SourceDate "2020.10.23"]
[SourceVersion "1"]
[SourceVersionDate "2020.10.23"]
[SourceQuality "1"]
[WhiteTeam "Komlo"]
[BlackTeam "Nagyatad"]
[WhiteTeamCountry "HUN"]
[BlackTeamCountry "HUN"]

1. d4 Nf6 2. c4 g6 3. Nc3 d5 4. Bg5 c6 5. Bxf6 exf6 6. cxd5 cxd5 7. g3 Bb4 8. a3 Bxc3+ 9. bxc3 0-0 10. Bg2 Nc6 11. Nh3 Qa5 12. Qd2 Bxh3 13. Bxh3 Rfd8 14. 0-0 1/2-1/2

[Event "HUN-chT2 Asztalos 1819"]
[Site "Hungary"]
[Date "2018.10.28"]
[Round "1.5"]
[White "Brayer, Janos"]
[Black "Szijarto, Attila"]
[Result "1-0"]
[WhiteElo "1961"]
[BlackElo "1956"]
[PlyCount "97"]
[EventDate "2018.10.28"]
[EventType "team-tourn"]
[EventRounds "9"]
[EventCountry "HUN"]
[SourceTitle "CBM 189 Extra"]
[Source "ChessBase"]
[SourceDate "2019.06.03"]
[SourceVersion "1"]
[SourceVersionDate "2019.06.03"]
[SourceQuality "1"]
[WhiteTeam "Kiraly Sakk"]
[BlackTeam "Nagyatad"]
[WhiteTeamCountry "HUN"]
[BlackTeamCountry "HUN"]

1. d4 Nf6 2. Nf3 e6 3. e3 c5 4. c3 Nc6 5. Nbd2 Be7 6. Bd3 Qc7 7. 0-0 e5 8. Re1 d5 9. dxe5 Nxe5 10. Nxe5 Qxe5 11. e4 Be6 12. exd5 Qxd5 13. Bc4 Qf5 14. Bxe6 fxe6 15. Qb3 Nd5 16. Qb5+ Kf7 17. Nf3 Rhf8 18. Re5 Qg4 19. h3 Qg6 20. Rxd5 Kg8 21. Rd3 a6 22. Qxb7 Qxd3 23. Qxe7 Qd1+ 24. Kh2 Rae8 25. Qb7 Rf7 26. Qxa6 h6 27. Qc6 Ree7 28. Qxc5 g5 29. Qd4 Qc2 30. b4 Rd7 31. Qc5 Rc7 32. Qd4 Rcd7 33. Qe5 Rxf3 34. Be3 Rff7 35. Qxe6 Rde7 36. Qc8+ Rf8 37. Qc4+ Rff7 38. Rc1 Qf5 39. Rd1 Re8 40. Rd5 Qe6 41. Qd3 g4 42. Rd8 Rxd8 43. Qxd8+ Rf8 44. Qd4 gxh3 45. gxh3 Qxa2 46. c4 Qc2 47. b5 Rf7 48. Qd5 Qg6 49. Qg2 1-0

[Event "HUN-chT2 Asztalos 1718"]
[Site "Hungary"]
[Date "2018.03.25"]
[Round "8.5"]
[White "Brayer, Janos"]
[Black "Szijarto, Attila"]
[Result "1-0"]
[WhiteElo "1949"]
[BlackElo "1984"]
[PlyCount "77"]
[EventDate "2017.10.29"]
[EventType "team-tourn"]
[EventRounds "9"]
[EventCountry "HUN"]
[SourceTitle "EXT 2021"]
[Source "ChessBase"]
[SourceDate "2020.10.23"]
[SourceVersion "1"]
[SourceVersionDate "2020.10.23"]
[SourceQuality "1"]
[WhiteTeam "Kiraly Sakk"]
[BlackTeam "Nagyatad"]
[WhiteTeamCountry "HUN"]
[BlackTeamCountry "HUN"]

1. d4 Nf6 2. Nf3 e6 3. e3 b6 4. Nbd2 d5 5. Bb5+ c6 6. Bd3 Bd6 7. 0-0 Ba6 8. c4 0-0 9. Re1 Nbd7 10. e4 dxe4 11. Nxe4 Bb4 12. Re2 c5 13. a3 Ba5 14. Nxf6+ Nxf6 15. b4 cxb4 16. axb4 Bxb4 17. Rxa6 Ba5 18. Bd2 Qc8 19. c5 Bxd2 20. Rxd2 bxc5 21. Rc2 Rd8 22. Rxc5 Qb7 23. Rac6 Nd5 24. h3 a5 25. Bb5 g6 26. Ng5 h6 27. Nxe6 fxe6 28. Rxe6 Qf7 29. Qg4 Nf6 30. Qe2 Rac8 31. Qe5 Rxc5 32. dxc5 Nd5 33. Be8 Qf8 34. Rxg6+ Kh7 35. Re6 Nf4 36. Re7+ Kg8 37. Qe4 Qf6 38. Qh7+ Kf8 39. Rf7+ 1-0

[Event "HUN-chT2 Asztalos 1516"]
[Site "Hungary"]
[Date "2015.11.08"]
[Round "4.4"]
[White "Nemeth, Antal"]
[Black "Szijarto, Attila"]
[Result "1/2-1/2"]
[WhiteElo "2281"]
[BlackElo "2027"]
[PlyCount "55"]
[EventDate "2015.09.13"]
[EventType "team-tourn"]
[EventRounds "11"]
[EventCountry "HUN"]
[SourceTitle "CBM 170 Extra"]
[Source "ChessBase"]
[SourceDate "2016.02.25"]
[SourceVersion "1"]
[SourceVersionDate "2016.02.25"]
[SourceQuality "1"]
[WhiteTeam "Baja Spartacus"]
[BlackTeam "Nagyatad"]
[WhiteTeamCountry "HUN"]
[BlackTeamCountry "HUN"]

1. Nf3 Nf6 2. g3 b6 3. Bg2 Bb7 4. d4 g6 5. c4 Bg7 6. Nc3 c5 7. d5 0-0 8. e4 d6 9. 0-0 a6 10. a4 Nbd7 11. Ne1 Ne5 12. Qe2 Bc8 13. h3 Ra7 14. f4 Ned7 15. Nd3 Nh5 16. Kh2 e5 17. f5 h6 18. g4 Nhf6 19. g5 hxg5 20. Bxg5 Qe8 21. Rf2 Nh5 22. fxg6 fxg6 23. Rxf8+ Qxf8 24. Rf1 Ndf6 25. Qe1 Rf7 26. Qh4 Bh6 27. Ne2 Kh7 28. Kg1 1/2-1/2